000 00878nam a22002055i 4500
001 178647
003 ES-MaACL
005 20230906220559.0
008 110609s1971 sp |||| | spa d
080 _a616.12-008.33
100 1 _aNolla Panades, Juan.
_9147071
245 1 0 _aElectrolitos, aparato yuxtaglomerular y aldosterona en la hipertensión renovascular experimental /
_cresumen de la tesis presentada para aspirar al grado de doctor en medicina por Juan Nolla Panades.
260 _aBarcelona :
_bUniversidad de Barcelona, Secretariado de Publicaciones, Intercambio Científico y Extensión Universitaria :
_bIvern,
_c1971.
300 _a16 p. ;
_c24 cm.
500 _aCub. tomada como port.
504 _aBibliografía: p. 16.
650 0 4 _aHipertensión.
_9147072
710 2 _aUniversidad de Barcelona.
_97141
852 _aES-MaACL
_jE-15361 (53)
_xOlim P-1374
999 _c178647
_d178647